| 000 | 00775nam a22002417a 4500 | ||
|---|---|---|---|
| 003 | 0 | ||
| 005 | 20180717131934.0 | ||
| 008 | 0 | ||
| 010 | _aB-129191 | ||
| 020 |
_c00.00 _a8170392535 |
||
| 035 | _aB-129191,B-129192 | ||
| 037 | _bCen Lib/Ret | ||
| 040 |
_aDPL _bEN _c0 |
||
| 082 |
_a415 _bSAM |
||
| 245 |
_aSamir-sanskrit-adhyayanam : _cby Kala Acharya...[et al.] _ba companion to sanskrit grammer / |
||
| 260 |
_aNew Delhi _bSomaiya Publications Pvt. Ltd. _c2003 |
||
| 270 |
_a6th Floor Bank of Baroda Buliding, Parliament Street _bNew Delhi _e110001 |
||
| 300 |
_axiii,326p. : _c24cm(Hb) _bill. |
||
| 650 |
_aSanskrit language -- grammar _919810 |
||
| 650 |
_aSanskrit language _972723 |
||
| 700 |
_aKala Acharya _921397 |
||
| 942 |
_2ddc _cEN _h415 _mSAM |
||
| 999 |
_c127743 _d127743 |
||